00575nam a2200205 a 450000100060000000300090000600800410001502000150005604000280007108200150009910000160011424500820013026000310021230000110024349000340025465000270028865000140031565000190032965000210034818931CO-ViMGA141112s2004 ck r 000 u spa d a8449307953 aCO-ViMGAbspacCO-ViMGA04a177.3 E4511 aEkman, Paul10aPor que mienten los niños : bcomo los padres pueden fomentar la sinceridad aBarcelona : bPaidos; 1999 a247 p. aGuía para padres paidos; 4414aeducación DE NIÑOS14aMITOMANIA14aPADRES E HIJOS14aVERDAD Y MENTIRA